K otázkám strategického řízení podniků.

Behaviorálny prístup k riadeniu, snažiaci sa zdôrazniť ľudské prvky v riadení. Tvorba strategickej koncepcie a poznávacie problémy v riadení a intuitívne expertné postupy. Poznávacie postupy a informačné zabezpečenie strategických poznávacích aktivít.

Gespeichert in:
Bibliographische Detailangaben
1. Verfasser: Glückaufová, D.
Format: Buchkapitel
Sprache:Tschechisch
Schlagworte:
Tags: Tag hinzufügen
Keine Tags, Fügen Sie das erste Tag hinzu!

MARC

LEADER 00000naa a2200000 4500
001 r007332
005 20221125081200.9
041 0 |a cze 
044 |a [CS] 
245 1 0 |a K otázkám strategického řízení podniků.  |c D. Glückaufová 
520 |a Behaviorálny prístup k riadeniu, snažiaci sa zdôrazniť ľudské prvky v riadení. Tvorba strategickej koncepcie a poznávacie problémy v riadení a intuitívne expertné postupy. Poznávacie postupy a informačné zabezpečenie strategických poznávacích aktivít. 
610 2 0 |a riadenie podnikové 
610 2 0 |a riadenie strategické 
610 2 0 |a zabezpečenie informačné 
610 2 0 |a činiteľ ľudský 
100 1 |a Glückaufová, D.